Statystyki dla Filmy Oparte na Grach Video

Kliknij tutaj aby rozwiązać quiz!

Ogólne statystyki

  • Ten quiz został rozwiązany 577 razy
    (247 od ostatniego zresetowania)
  • Średni wynik to 6 z 39

Statystyki odpowiedzi

PremieraŚrednia na Rotten TomatosTytuł% Poprawnych
199533%Mortal Kombat
54%
201518%Assassin's Creed
47%
200119%Lara Croft: Tomb Raider
47%
201851%Tomb Raider
46%
202064%Sonic the Hedgehog
34%
201628%Warcraft
29%
200519%Doom
28%
201422%Need For Speed
27%
200714%Hitman
25%
20159%Htiman: Agent 47
25%
200629%Silent Hill
24%
199316%Super Mario Bros
23%
200811%Far Cry
19%
200816%Max Payne
18%
201036%Prince of Persia: Sand of Time
14%
199412%Street Fighter
14%
20077%Postal
13%
201031%Tekken
13%
201969%Detective Pikachu
9%
20064%BloodRayne
7%
200244%Final Fantasy: Spirit Within
7%
19973%Mortal Kombat: Annihilation
7%
20051%Alone in the Dark
6%
201231%Resident Evil: Retribution
6%
200421%Resident Evil: Apocalypse
5%
20084%In the Name of the King: A Dungeon Siege Tale
4%
200324%Lara Croft Tomb Raider: The Cradle of Life
4%
201023%Resident Evil: Afterlife
4%
200722%Resident Evil: Extinction
4%
201852%Rampage
3%
201637%Resident Evil: The Final Chapter
3%
19948%Double Dragon
2%
20034%House of the Dead
2%
20125%Silent Hill: Revelations
2%
200634%DOA: Dead or Alive
1%
200918%Street Fighter: The Legend of Chun-Li
1%
199910%Wing Commander
1%
201012%BloodRayne: The Third Reich
0%
201011%The King of Fighters
0%

Rozkład punktacji

Percentyl według liczby udzielonych odpowiedzi

Procent ludzi z każdym wynikiem

Twoja historia wyników

Nie rozwiązałeś tego quizu od ostatniego zresetowania